000 00558nam a22002057a 4500
003 BD-ChCU
005 20260506095359.0
008 260506b ii ||||| |||| 00| 0engd
020 _a9789354332227
040 _cBD-ChCU
082 _223
_a660.5 G721m
100 _aGovil, Shubha Agarwal.
_922459
245 _aMarine biotechnology /
_cShubha Agarwal Govil.
250 _a1ed.
260 _aMumbai :
_bHimalaya Pub.,
_c2020
300 _a146 P. :
504 _aIncludes.
650 0 _aMarine biotechnology ; Marine biology.
_922461
942 _2ddc
_cBK
_n0
999 _c112709
_d112709